| 000 | 01028nam a22003017a 4500 | ||
|---|---|---|---|
| 003 | CHAP | ||
| 005 | 20220329135522.0 | ||
| 008 | 971013s1972 r 00010 d | ||
| 010 | _a37947 | ||
| 011 | _a38919 | ||
| 035 | _a43039 | ||
| 040 | _cCHAP | ||
| 082 | 0 |
_a631.2 _bQ8 1972 |
|
| 100 | 0 | 0 |
_aQuintanar Arellano, Francisco. _993387 |
| 245 | 1 | _aConstrucciones agrícolas | |
| 260 |
_aMéxico, D. F. : _b(s.e.), _c1972 |
||
| 300 |
_a219 p. _b: ilus. |
||
| 590 |
_aBATCH-UPD _b10 _c20130110 _lUCH01 _h1500 |
||
| 590 |
_aCONVERSION _b10 _c20130109 _lUCH01 _h1321 |
||
| 650 | 1 | 4 |
_aConstrucciones rurales. _927378 |
| 901 | _aBK | ||
| 942 | _cLIBRO | ||
| 949 |
_a631.2 Q8 1972 _bBC _cLIBRO _d-98866 _eLIBRO _h17319 _i43039 _si |
||
| 949 |
_a631.2 Q8 1972 _bBC _cLIBRO _d-98867 _eLIBRO _fc.2 _h17985 _i43039 _si |
||
| 949 |
_a631.2 Q8 1972 _bBC _cLIBRO _d-98868 _eLIBRO _fc.3 _h18035 _i43039 _si |
||
| 949 |
_a631.2 Q8 1972 _bBC _cLIBRO _d-98869 _eLIBRO _fc.4 _h27884 _i43039 _si |
||
| 949 |
_a631.2 Q8 1972 _bBC _cLIBRO _d-98870 _eLIBRO _fc.5 _h59963 _i43039 _si |
||
| 999 |
_c37947 _d37947 |
||